Programming for Problem-solving with C (Record no. 394928)

MARC details
000 -LEADER
fixed length control field 00260 a2200121 4500
000 - LEADER
fixed length control field nam a22 7a 4500
100 ## - MAIN ENTRY--PERSONAL NAME
Personal name Kamaldeep
110 ## - MAIN ENTRY--CORPORATE NAME
Corporate name or jurisdiction name as entry element Kamaldeep
245 ## - TITLE STATEMENT
Title Programming for Problem-solving with C
260 ## - PUBLICATION, DISTRIBUTION, ETC.
Name of publisher, distributor, etc. Bpb
264 ## - PRODUCTION, PUBLICATION, DISTRIBUTION, MANUFACTURE, AND COPYRIGHT NOTICE
Name of producer, publisher, distributor, manufacturer Bpb
942 ## - ADDED ENTRY ELEMENTS (KOHA)
Koha item type Books
Holdings
Date last seen Total checkouts Barcode Cost, replacement price Price effective from Koha item type Lost status Source of classification or shelving scheme Damaged status Not for loan Withdrawn status Home library Current library Date acquired Source of acquisition Cost, normal purchase price
28/01/2026   444853 699.00 28/01/2026 Books   Dewey Decimal Classification       VIVEKANANDA LIBRARY VIVEKANANDA LIBRARY 28/01/2026 3 524.25
© Designed and Maintained by Vivekananda Library, MDU Rohtak